NBA Top 10 at Every Position - Statistics

General Stats
  • This quiz has been taken 59 times
  • The average score is 37 of 50
Answer Stats
Hint Answer % Correct
PG 1 Magic Johnson
96%
PG 3 Stephen Curry
96%
SG 1 Michael Jordan
93%
SF 1 LeBron James
91%
SG 4 Jerry West
89%
SG 2 Kobe Bryant
89%
SF 2 Larry Bird
89%
PF 1 Tim Duncan
89%
C 1 Kareem Abdul-Jabbar
87%
SG 3 Dwayne Wade
84%
C 4 Hakeem Olajuwon
84%
PG 6 Jason Kidd
84%
SF 4 Kevin Durant
84%
C 3 Shaquille O'Neal
84%
C 2 Wilt Chamberlain
84%
C 6 David Robinson
82%
PG 7 Isaiah Thomas
82%
PG 4 Steve Nash
82%
PG 5 Stockton
82%
SG 7 Allen Iverson
80%
PF 3 Karl Malone
80%
C 7 Moses Malone
80%
PG 2 Oscar Robertson
80%
PG 10 Russell Westbrook
80%
C 5 Bill Russell
78%
PG 9 Chris Paul
78%
PF 2 Dirk Nowitzki
78%
SG 5 James Harden
78%
SF 3 Julius Erving
76%
PF 4 Kevin Garnett
76%
PG 8 Gary Payton
73%
SF 5 Scottie Pippen
73%
SG 6 Clyde Drexler
71%
PF 5 Charles Barkley
69%
PF 6 Kevin Mchale
69%
C 8 Patrick Ewing
69%
PF 7 Bob Pettit
67%
SF 6 Elgin Baylor
64%
SG 10 George Gervin
64%
PF 8 Dennis Rodman
62%
SF 10 James Worthy
62%
SF 7 Dominique Wilkins
58%
PF 9 Elvin Hayes
58%
SG 8 John Havlicek
58%
C 9 George Mikan
53%
SF 9 Paul Pierce
53%
SG 9 Pete Maravich
53%
PF 10 Pau Gasol
51%
C 10 Willis Reed
51%
SF 8 Rick Barry
47%
No matching quizzes found
Score Distribution
Percent of People with Each Score
Percentile by Number Answered
Your Score History
You have not taken this quiz